00627nam a2200217 a 450000100060000000300080000600500170001400800410003103500190007204000230009104100080011408200280012210000300015024500600018026000370024030000200027749000320029750000190032965000290034883000320037746634BD-RjUL20211209054200.0160803s1958 ii 001 0 eng  a(BD-RjUL)46753 aDLCcDLCdDLCbeng aeng a347.306660954bIYC 19581 aIyengar, Srinivasa T. R.00aCompanies administration /cby Srinivasa T. R. Iyengar aAllahabad :bLaw Book Co.,c1958 a557 p. ;c23 cm aCompany law series No. ;v3 aIncludes index aCorporation law z India aCompany law series No. ;v3